000 00262nam a22001217a 4500
020 _a0-600-33606-9
082 _a745.92 STE'P
100 _aSTEVENSON, VIOLAT
_975839
245 _aFLOWERCRAFT
260 _aLONDON
_bHAMLYN
_c1977
300 _a188P
942 _cBK
999 _c581251
_d581251